Fit after 40: (Record no. 193155)

MARC details
000 -LEADER
fixed length control field 00666nam a22001937a 4500
005 - DATE AND TIME OF LATEST TRANSACTION
control field 20221101112011.0
010 ## - LCCN (DPL NO)
LC control number ENG-135428
020 ## - INTERNATIONAL STANDARD BOOK NUMBER
International Standard Book Number 9789351951803
Terms of availability 100.00
035 ## - SYSTEM CONTROL NUMBER
System control number EN-118960
037 ## - SOURCE OF ACQUISITION
Source of stock number/acquisition DBAD/PUB
082 ## - DEWEY DECIMAL CLASSIFICATION NUMBER
Classification number 613.0434
100 ## - MAIN ENTRY--PERSONAL NAME
Personal name Nambiar, Sheela
245 ## - TITLE STATEMENT
Title Fit after 40:
Remainder of title for a healthier, happier, stronger you/
Statement of responsibility, etc by Sheela Nambiar; ill. by Pixtrics
260 ## - PUBLICATION, DISTRIBUTION, ETC. (IMPRINT)
Name of publisher, distributor, etc Hachette book publishing india Pvt. Ltd
Date of publication, distribution, etc 2018
Place of publication, distribution, etc Gurugram
270 ## - ADDRESS
Address 4th/5th floors, corporate Pvt. Ltd
City Gurugram
Postal code 122003
300 ## - PHYSICAL DESCRIPTION
Extent 333p.
Dimensions 20cm(pbk)
Other physical details notes, acknowledgements
700 ## - ADDED ENTRY--PERSONAL NAME
Personal name Pixtrics
Relator term illustrations
942 ## - ADDED ENTRY ELEMENTS (KOHA)
Source of classification or shelving scheme Dewey Decimal Classification
Item type English Books
Call number suffix NAM
Classification part 613.0434
Holdings
Withdrawn status Lost status Not for loan Collection code Home library Current library Date acquired Source of acquisition Cost, normal purchase price Full call number Barcode Copy number Cost, replacement price Koha item type
      Non-fiction Bawana Bawana 17/10/2022 DBAD/PUB 100.00 613.0434 NAM EN-118960 1 100.00 English Books

© Delhi Public Library
Hit Counter
free hit counter